000 01720nam0a22003611 4500
001 rc\2201534
005 20110829165128.6
035 _a(NLR Aleph) 006694175
090 _a5176748
_c5176748
100 _a20110829d1978 |||y0rusy50 ca
101 0 _arus
102 _aRU
105 _aa z |||||
200 1 _aОрдовик Сибирской платформы
_eОпор. разрезы верх. ордовика (биостратиграфия и фауна)
_f[Москаленко Т.А.. Ядренкина А.Г., Семенова В.С., Ярошинская А.М.]
210 _aМосква
_cНаука
_d1978
215 _a164 с., 1 отд. л. ил.
_cил.
_d21
225 1 _aТруды института геологии и геофизики
_fАН СССР, Сиб. отд-ние
_vВып. 340
300 _aВ надзаг.: Сиб. НИИ геологии, геофизики и минер. сырья
320 _aСписок лит.: с. 126-128
606 _aЖивотные ископаемые
_zОрдовик
_yСибирская платформа
_2psbo
606 _aОрдовикские отложения
_xБиостратиграфия
_yСибирская платформа
_2psbo
701 1 _aСеменова
_bВ. С.
701 1 _aЯрошинская
_bА. М.
701 1 _aЯдренкина
_bА. Г.
701 1 _aМоскаленко
_bТ. А.
_gТамара Александровна
702 1 _aМоскаленко
_bТ. А.
_g-Тамара Александровна
801 0 _aRU
_bNLR
_gpsbo
801 1 _aRU
_bELAR
_2rusmarc
852 _aNLR
_jП8/464
899 _aRuMoRGB
_jXXIV 217/75
899 _aRuMoRGB
_jXXIV 217/76
942 _cBOOK
980 _aNB